Green Extractivism in Lithium Triangle

Cieľom príspevku je preskúmať vzťah medzi ťažbou lítia a environmentálno-sociálne aspekty ťažby v krajinách lítiového trojuholníka analýzou vedeckých výskumných prác a dostupných štatistických údajov a aplikáciou ekonomickej teórie na zelený extraktivizmus. Skúmanie, či krajiny lítiového trojuholník...

Descrizione completa

Salvato in:
Dettagli Bibliografici
Autore principale: Janubová, Barbora, 1991-
Natura: Capitolo di libro
Lingua:inglese
Soggetti:
Tags: Aggiungi Tag
Nessun Tag, puoi essere il primo ad aggiungerne!!

MARC

LEADER 00000naa a2200000 4500
001 0297112
005 20240502074511.8
041 0 |a eng 
044 |a SK 
245 1 0 |a Green Extractivism in Lithium Triangle  |c Barbora Janubová 
520 |a Cieľom príspevku je preskúmať vzťah medzi ťažbou lítia a environmentálno-sociálne aspekty ťažby v krajinách lítiového trojuholníka analýzou vedeckých výskumných prác a dostupných štatistických údajov a aplikáciou ekonomickej teórie na zelený extraktivizmus. Skúmanie, či krajiny lítiového trojuholníka (Argentína, Bolívia, Čile) spĺňajú kritériá teórie zeleného extraktivizmu. 
610 2 0 |a prostredie životné 
610 2 0 |a environmentalistika 
610 2 0 |a zdroje prírodné 
610 2 0 |a ťažba surovín 
610 2 0 |a kovy 
610 2 0 |a nerovnosť sociálna 
610 2 0 |a teórie ekonomické 
610 2 0 |a analýzy 
610 2 0 |a Argentína 
610 2 0 |a Bolívia 
610 2 0 |a Čile 
100 1 |a Janubová, Barbora, 1991-